000 01060nam2a22002771 4500
001 v19\rc\1636965
005 20250618234845.0
035 _a(NLR Aleph) 004750892
090 _a4536843
_c4536843
100 _a20061002d1901 |||y0rusy50 ca
101 0 _arus
102 _aRU
105 _aab z |||||
200 1 _aБотнический залив - Грациус
210 _d1901
_aБ. м.
215 _a1039 разд. паг., 8 л. ил., карт.
_cил.
461 0 _1001v19\rc\1636962
_12001#$aНастольный энциклопедический словарь$vТ. 2
_94536831
_cМосква
_d1900-1902
_e4-е изд., перераб. т-ва А. Гранат и К°, бывшее т-во А. Гарбель и К°. Т. 1-
_tНастольный энциклопедический словарь
_vТ. 2
801 0 _aRU
_bNLR
_gpsbo
801 0 _aRU
_bRuMoRGB
_2psbo
801 1 _aRU
_bProSoft-M
_2rusmarc
852 _aNLR
_jDesideratum
899 _aRuMoRGB
_jE 74/563
899 _aБАН
899 _aНБ МГУ
942 _cBOOK
980 _aNB